|
|
|
|
| LEADER |
00000nam a22000007a 4500 |
| 005 |
20190828021144.0 |
| 007 |
cr|||| |||| |
| 008 |
190828s2018 pe |||||s|||| 00||0 spa d |
| 020 |
|
|
|a 978-612-325-042-3
|
| 035 |
|
|
|a 24221
|
| 040 |
|
|
|a vLex
|
| 090 |
|
|
|c 9297
|d 9297
|
| 100 |
1 |
|
|a Garca̕ Amado, Juan Antonio
|
| 245 |
1 |
0 |
|a Teora̕s de la tp̤ica jurd̕ica
|h [Recurso electrn̤ico] /
|c Juan Antonio Garca̕ Amado
|
| 256 |
|
|
|a Servicio en ln̕ea
|
| 260 |
|
|
|a Lima:
|b Palestra Editores,
|c 2018
|
| 300 |
|
|
|a 1 recurso electrn̤ico
|
| 506 |
1 |
|
|a Disponible solo en los productos indicados
|d vLex Global
|d vLex Global (Academic Edition, excluding Law Schools)
|d vLex Global (U.S. Academic Edition, Law Schools)
|d vLex Global (U.S. Academic Edition, excluding Law Schools)
|d vLex Global (Academic Edition, Law Schools)
|
| 650 |
0 |
4 |
|a Derecho Militar
|z Per︢
|
| 740 |
0 |
|
|a vLex Libros (Servicio en ln̕ea)
|
| 856 |
4 |
0 |
|u http://vlex.com/source/teorias-topica-juridica-24221
|z Acceso restringido
|
| 942 |
|
|
|c BOOK
|
| 999 |
0 |
|
|a Military Law
|